[Event "DEM U10w 2017"]
[Site "Willingen GER"]
[Date "2017.06.05"]
[Round "3"]
[White "Khanbekyan, Nare"]
[Black "Labuda, Annika"]
[Result "0-1"]
[Termination "normal"]
[Board "11"]
[WhiteElo "952"]
[BlackElo "1144"]
[PlyCount "60"]
[WhiteFideId "16270916"]
[BlackFideId "16261453"]
[EventCountry "GER"]
[EventRounds "11"]
[EventType "swiss"]
[EventDate "2017.06.03"]

1. e4 e5 2. Nf3 Nc6 3. d4 exd4 4. Bc4 Nf6 5. e5 d5 6. Bb5 Nd7 7. O-O Bc5 8. c3
a6 9. Bxc6 bxc6 10. cxd4 Be7 11. Nc3 O-O 12. b4 Rb8 13. a3 Re8 14. Qb3 a5 15.
Nxd5 cxd5 16. Qxd5 Nf8 17. Qxd8 Rxd8 18. Rd1 Bg4 19. Rd3 axb4 20. axb4 Rb5 21.
Bb2 Bxb4 22. h3 Bxf3 23. Rxf3 Bd2 24. Ra2 Rdb8 25. Ba1 Bg5 26. Bc3 Ne6 27. Rd3
Bf4 28. d5 Rb1+ 29. Rd1 Rxd1+ 30. Be1 Rxe1# 0-1

[Event "DEM U10w 2017"]
[Site "Willingen GER"]
[Date "2017.06.05"]
[Round "3"]
[White "Prinzen, Siri Marleen"]
[Black "Nguyen, Jenny Ha Linh"]
[Result "1-0"]
[Termination "normal"]
[Board "12"]
[WhiteElo "951"]
[BlackElo "1102"]
[PlyCount "137"]
[WhiteFideId "16265912"]
[BlackFideId "16209729"]
[EventCountry "GER"]
[EventRounds "11"]
[EventType "swiss"]
[EventDate "2017.06.03"]

1. e4 d5 2. exd5 Nf6 3. d4 Nxd5 4. Nf3 Nc6 5. Bb5 Bd7 6. c4 Nf6 7. d5 Nb8 8.
Bxd7+ Nbxd7 9. Nc3 g6 10. Be3 Bg7 11. Rb1 O-O 12. O-O Re8 13. Re1 Qc8 14. b3 c6
15. Qd2 Ng4 16. Bd4 Bh6 17. Qe2 c5 18. Be5 Ndxe5 19. Nxe5 Nxe5 20. Qxe5 Bg7 21.
Qe3 Bd4 22. Qd3 Qc7 23. Nb5 Qf4 24. Nxd4 Qxd4 25. Qxd4 cxd4 26. Rbd1 e5 27.
dxe6 Rad8 28. exf7+ Kxf7 29. Rxe8 Kxe8 30. f4 Ke7 31. Kf2 Ke6 32. g4 h6 33. Kf3
g5 34. fxg5 hxg5 35. Ke4 Kf6 36. Rxd4 Rxd4+ 37. Kxd4 Ke6 38. Ke4 a6 39. a3 Kf6
40. a4 Ke6 41. b4 Kf6 42. b5 axb5 43. axb5 Ke6 44. c5 Kd7 45. c6+ bxc6 46.
bxc6+ Kxc6 47. Kf5 Kd7 48. Kxg5 Ke7 49. Kg6 Kf8 50. h4 Kg8 51. h5 Kh8 52. h6
Kg8 53. h7+ Kh8 54. Kf7 Kxh7 55. g5 Kh8 56. Kg6 Kg8 57. Kh6 Kh8 58. g6 Kg8 59.
g7 Kf7 60. Kh7 Ke6 61. g8=Q+ Ke5 62. Qd8 Ke4 63. Qd6 Kf5 64. Qd4 Ke6 65. Kg6
Ke7 66. Qd5 Ke8 67. Qb7 Kd8 68. Kf6 Ke8 69. Qe7# 1-0

[Event "DEM U10w 2017"]
[Site "Willingen GER"]
[Date "2017.06.05"]
[Round "3"]
[White "Stepanjan, Marianne"]
[Black "Ulrich, Helena Irene"]
[Result "1-0"]
[Termination "normal"]
[Board "13"]
[WhiteElo "880"]
[BlackElo "1097"]
[PlyCount "35"]
[WhiteFideId "16246110"]
[BlackFideId "16256000"]
[EventCountry "GER"]
[EventRounds "11"]
[EventType "swiss"]
[EventDate "2017.06.03"]

1. e4 c5 2. Nc3 d6 3. Nf3 Nf6 4. Bc4 e6 5. d4 cxd4 6. Qxd4 Nc6 7. Qd3 Nb4 8.
Qd2 a6 9. a3 Nc6 10. b4 b5 11. Bb3 Be7 12. O-O O-O 13. Bb2 Bb7 14. Qg5 Nxe4 15.
Qg4 Nf6 16. Qg3 Rc8 17. Ne4 Nxe4 18. Qxg7# 1-0

[Event "DEM U10w 2017"]
[Site "Willingen GER"]
[Date "2017.06.05"]
[Round "3"]
[White "Heuberger, Sandra"]
[Black "Schupfer, Victoria"]
[Result "0-1"]
[Termination "normal"]
[Board "14"]
[WhiteElo "902"]
[BlackElo "830"]
[PlyCount "94"]
[WhiteFideId "16232151"]
[EventCountry "GER"]
[EventRounds "11"]
[EventType "swiss"]
[EventDate "2017.06.03"]

1. e4 e5 2. Nf3 Nc6 3. Bc4 Nf6 4. d3 Bc5 5. O-O d6 6. Nc3 Nd4 7. Nxd4 exd4 8.
Ne2 O-O 9. h3 c6 10. Bg5 Be6 11. Bb3 h6 12. Bh4 Bb6 13. Qd2 Bc7 14. Nxd4 Bd7
15. Kh1 Qe7 16. f4 d5 17. Rae1 Qd6 18. e5 Qc5 19. exf6 Qxd4 20. c3 Qc5 21. d4
Qd6 22. fxg7 Kxg7 23. Be7 Qg6 24. Bxf8+ Rxf8 25. Bc2 Qd6 26. Qd3 Rh8 27. Kg1
Qf6 28. Rf2 Bb6 29. Rf3 Qh4 30. Qd2 c5 31. Re5 cxd4 32. cxd4 Bc6 33. f5 Bxd4+
34. Kf1 Bxe5 35. Re3 Bh2 36. Qc3+ Kg8 37. f6 Qf4+ 38. Ke2 Bg1 39. Re7 Qf2+ 40.
Kd3 Bb5+ 41. Qc4 Bxc4+ 42. Kc3 Qd4+ 43. Kb4 Bd3+ 44. Ka5 Qb6+ 45. Ka4 Bxc2+ 46.
Ka3 Bc5+ 47. b4 Qxb4# 0-1

[Event "DEM U10w 2017"]
[Site "Willingen GER"]
[Date "2017.06.05"]
[Round "3"]
[White "Claussen, Kim Sophie"]
[Black "Pröttel, Ela"]
[Result "0-1"]
[Termination "normal"]
[Board "15"]
[WhiteElo "845"]
[BlackElo "1050"]
[PlyCount "36"]
[BlackFideId "44582749"]
[EventCountry "GER"]
[EventRounds "11"]
[EventType "swiss"]
[EventDate "2017.06.03"]

1. e4 e5 2. Bc4 Nf6 3. Nc3 Bc5 4. Nf3 Nc6 5. d3 d6 6. Bg5 h6 7. Nd5 hxg5 8.
Nxf6+ Qxf6 9. Qc1 g4 10. Qg5 gxf3 11. Qxf6 gxf6 12. gxf3 Nd4 13. O-O-O Nxf3 14.
Rhf1 Rxh2 15. Rg1 Nxg1 16. Rxg1 Kf8 17. Rg4 Bxg4 18. Kb1 Rh1# 0-1

[Event "DEM U10w 2017"]
[Site "Willingen GER"]
[Date "2017.06.05"]
[Round "3"]
[White "Vianden, Ella"]
[Black "Margaryan, Venera"]
[Result "1-0"]
[Termination "normal"]
[Board "16"]
[WhiteElo "1050"]
[BlackElo "773"]
[PlyCount "51"]
[WhiteFideId "16235592"]
[BlackFideId "16266226"]
[EventCountry "GER"]
[EventRounds "11"]
[EventType "swiss"]
[EventDate "2017.06.03"]

1. e4 c5 2. Nf3 e6 3. d4 cxd4 4. Nxd4 Nf6 5. Nc3 Bb4 6. e5 Nd5 7. g3 Bxc3+ 8.
bxc3 Nxc3 9. Qg4 d6 10. Qxg7 Kd7 11. Qxf7+ Qe7 12. Qf3 Rf8 13. Qxc3 Qf7 14.
Bb5+ Kd8 15. Bg5+ Qe7 16. Bxe7+ Kxe7 17. Qc7+ Bd7 18. Qxb7 Rc8 19. Qxa8 Kd8 20.
Qxa7 Bxb5 21. Nxb5 Nc6 22. Qb6+ Kd7 23. Qb7+ Kd8 24. Nxd6 Rc7 25. Qa8+ Kd7 26.
Qe8# 1-0

[Event "DEM U10w 2017"]
[Site "Willingen GER"]
[Date "2017.06.05"]
[Round "3"]
[White "Hebestreit, Marie"]
[Black "Youness, Jolie"]
[Result "1-0"]
[Termination "normal"]
[Board "17"]
[WhiteElo "896"]
[BlackElo "768"]
[PlyCount "59"]
[EventCountry "GER"]
[EventRounds "11"]
[EventType "swiss"]
[EventDate "2017.06.03"]

1. e4 e5 2. Nf3 Nc6 3. Nc3 Bc5 4. Bc4 d6 5. d3 Nf6 6. Bg5 h6 7. Bh4 Be6 8. Bd5
Nd4 9. Bxb7 Rb8 10. Bd5 Rxb2 11. O-O O-O 12. Na4 Qd7 13. Nxb2 Bg4 14. c3 Nxf3+
15. gxf3 Bh3 16. Na4 Bxf1 17. Kxf1 Qh3+ 18. Ke2 Qxh4 19. d4 Qxf2+ 20. Kxf2 exd4
21. cxd4 Bb4 22. Rb1 Rb8 23. Qc1 Ne8 24. Bb3 Ba5 25. Qc4 Kh7 26. Qxf7 Nf6 27.
Rg1 Rg8 28. Qg6+ Kh8 29. Bxg8 Ne8 30. Qh7# 1-0

[Event "DEM U10w 2017"]
[Site "Willingen GER"]
[Date "2017.06.05"]
[Round "3"]
[White "Truong, Bao Ngoc"]
[Black "Heinze, Sofie"]
[Result "0-1"]
[Termination "normal"]
[Board "18"]
[WhiteElo "749"]
[BlackElo "850"]
[PlyCount "66"]
[BlackFideId "16226461"]
[EventCountry "GER"]
[EventRounds "11"]
[EventType "swiss"]
[EventDate "2017.06.03"]

1. e4 e5 2. d4 Nf6 3. Bd3 Nc6 4. Bg5 h6 5. Bxf6 Qxf6 6. dxe5 Nxe5 7. Be2 Bc5 8.
Nf3 O-O 9. O-O d6 10. Nxe5 dxe5 11. a3 Rd8 12. Bd3 Bd6 13. Nc3 Be6 14. b3 Qe7
15. Bc4 Bxc4 16. bxc4 Bxa3 17. Nd5 Qc5 18. Qd3 Bb2 19. Rab1 Ba3 20. Rxb7 c6 21.
Nc7 Rxd3 22. cxd3 Rd8 23. Na6 Qd6 24. Rxa7 Qxd3 25. g4 Qxe4 26. Nc7 Qxg4+ 27.
Kh1 Bc5 28. Ra5 Bb6 29. Rxe5 Bxc7 30. Rc5 Rd4 31. f3 Qf4 32. Rxc6 Rd2 33. Rxc7
Qxh2# 0-1

[Event "DEM U10w 2017"]
[Site "Willingen GER"]
[Date "2017.06.05"]
[Round "4"]
[White "Peglau, Dora"]
[Black "Pohle, Saskia"]
[Result "1/2-1/2"]
[Termination "normal"]
[Board "1"]
[WhiteElo "1159"]
[BlackElo "1416"]
[WhiteClock "00:56:33"]
[BlackClock "00:12:09"]
[PlyCount "115"]
[WhiteFideId "16220005"]
[BlackFideId "16201604"]
[EventCountry "GER"]
[EventRounds "11"]
[EventType "swiss"]
[EventDate "2017.06.03"]

1. e4 e5 2. Nf3 Nc6 3. Bc4 Nf6 4. Nc3 Bc5 5. O-O d6 6. d3 Bg4 7. Be3 Bb6 8. Na4
O-O 9. Nc3 Qd7 10. Nd5 Nxd5 11. Bxd5 Rfe8 12. c3 Rab8 13. a4 h6 14. b4 a5 15.
b5 Bxe3 16. fxe3 Ne7 17. Bc4 Ng6 18. Qb3 Be6 19. Bxe6 Qxe6 20. Qxe6 Rxe6 21. c4
c6 22. bxc6 bxc6 23. Rab1 Ree8 24. Nd2 Ne7 25. Rxb8 Rxb8 26. Rb1 Rxb1+ 27. Nxb1
d5 28. Nd2 Kf8 29. Kf1 Ke8 30. Ke1 Kd7 31. Kd1 Kd6 32. Kc2 f5 33. Nb3 dxc4 34.
dxc4 fxe4 35. Nxa5 Kc5 36. Kc3 Nc8 37. Nb3+ Kb6 38. Kb4 Ne7 39. a5+ Kc7 40. Nc5
Nf5 41. a6 Kb6 42. Nxe4 Kxa6 43. Nc5+ Ka7 44. Nd7 e4 45. Ne5 Kb7 46. Kc5 Nxe3
47. Nxc6 Nxg2 48. Nd4 e3 49. Kd6 Kc8 50. Ne2 g5 51. c5 Nf4 52. Ng3 e2 53. Nxe2
Nxe2 54. Ke5 g4 55. Kf5 g3 56. hxg3 Nxg3+ 57. Kg6 h5 58. Kg5 1/2-1/2

[Event "DEM U10w 2017"]
[Site "Willingen GER"]
[Date "2017.06.05"]
[Round "4"]
[White "Fischer, Darja"]
[Black "Roncea, Andreea-Alexandra"]
[Result "0-1"]
[Termination "normal"]
[Board "2"]
[WhiteElo "1196"]
[BlackElo "1361"]
[WhiteClock "00:58:33"]
[BlackClock "00:31:47"]
[PlyCount "122"]
[WhiteFideId "16240898"]
[BlackFideId "16233115"]
[EventCountry "GER"]
[EventRounds "11"]
[EventType "swiss"]
[EventDate "2017.06.03"]

1. e4 e5 2. d4 exd4 3. c3 d5 4. exd5 Qxd5 5. Qxd4 Qxd4 6. cxd4 Nc6 7. Nf3 Bf5
8. Bc4 Nb4 9. Na3 Nf6 10. Ng5 Bg6 11. O-O h6 12. Re1+ Be7 13. Nf3 Nbd5 14. Re5
c6 15. Bd2 O-O 16. Re2 Bd6 17. Ne5 Bh7 18. f4 Nb6 19. Bb3 Rad8 20. Nac4 Nxc4
21. Nxc4 Bc7 22. Bc3 Bxf4 23. Re7 Rd7 24. Rxd7 Nxd7 25. Re1 Rd8 26. Re7 Bg5 27.
Re2 Bd3 28. Re1 Bxc4 29. Bxc4 Nb6 30. Bb3 Bf6 31. Rf1 Nd5 32. Rf3 Nc7 33. Kf2
Ne6 34. Kg3 Nxd4 35. Bxd4 Rxd4 36. Bc2 Rd2 37. Rf2 Rxf2 38. Kxf2 Bxb2 39. Ke3
Kf8 40. Kd3 Ke7 41. Kc4 Kd6 42. Kb3 Be5 43. h3 Kc5 44. a3 Kd4 45. Kb4 g6 46.
Bb3 f5 47. Bf7 g5 48. Be6 f4 49. Bc8 b6 50. a4 a5+ 51. Kb3 c5 52. Ba6 h5 53.
Be2 c4+ 54. Bxc4 g4 55. Be2 gxh3 56. gxh3 h4 57. Bg4 Ke3 58. Bc8 f3 59. Ba6 Kf2
60. Kc4 Kg2 61. Kb5 Bd4 0-1

[Event "DEM U10w 2017"]
[Site "Willingen GER"]
[Date "2017.06.05"]
[Round "4"]
[White "Zhou, Lepu Coco"]
[Black "von Beckh, Frieda"]
[Result "0-1"]
[Termination "normal"]
[Board "3"]
[WhiteElo "1592"]
[BlackElo "1248"]
[WhiteClock "00:02:27"]
[BlackClock "00:50:54"]
[PlyCount "120"]
[WhiteFideId "16217136"]
[BlackFideId "16233751"]
[EventCountry "GER"]
[EventRounds "11"]
[EventType "swiss"]
[EventDate "2017.06.03"]

1. e4 d5 2. exd5 Nf6 3. d4 Nxd5 4. c4 Nb4 5. c5 Bf5 6. Qa4+ N8c6 7. Be3 Nc2+ 8.
Kd2 Nxa1 9. Bd3 Bxd3 10. Kxd3 e5 11. Nf3 f6 12. b4 Qd7 13. Nbd2 O-O-O 14. Rxa1
exd4 15. Nxd4 Nxd4 16. Qxd7+ Rxd7 17. Bxd4 Be7 18. Nf3 Rhd8 19. a4 f5 20. Kc4
g6 21. c6 Rd6 22. cxb7+ Kxb7 23. b5 c6 24. Rb1 a5 25. bxc6+ Kxc6 26. Ne5+ Kc7
27. Bc3 Ra8 28. Rb5 Rda6 29. f4 Bd6 30. Kd5 Bb4 31. Bxb4 axb4 32. Rc5+ Kb7 33.
Rb5+ Rb6 34. Rxb6+ Kxb6 35. Nc4+ Kc7 36. a5 b3 37. Ke6 Rb8 38. Kf7 Kc6 39. a6
Kc5 40. Nb2 Kb6 41. Kg7 Kxa6 42. Kxh7 Rb6 43. Kh6 Kb5 44. h4 Rc6 45. g3 Rc2 46.
Nd1 Rd2 47. Nc3+ Kc4 48. Na4 Kb4 49. Kxg6 Kxa4 50. h5 b2 51. h6 b1=Q 52. h7 Rh2
53. Kg7 Qb7+ 54. Kf6 Rxh7 55. Kxf5 Qe7 56. Kg4 Qe2+ 57. Kg5 Rg7+ 58. Kf5 Rxg3
59. Kf6 Rf3 60. f5 Qe4 0-1

[Event "DEM U10w 2017"]
[Site "Willingen GER"]
[Date "2017.06.05"]
[Round "4"]
[White "Keymer, Cecilia"]
[Black "Wilmink, Anna"]
[Result "1-0"]
[Termination "normal"]
[Board "4"]
[WhiteElo "1311"]
[BlackElo "1140"]
[WhiteClock "00:29:21"]
[BlackClock "00:47:28"]
[PlyCount "101"]
[WhiteFideId "16233468"]
[BlackFideId "16273680"]
[EventCountry "GER"]
[EventRounds "11"]
[EventType "swiss"]
[EventDate "2017.06.03"]

1. d4 e6 2. c4 d5 3. Nc3 Nf6 4. cxd5 exd5 5. Bg5 Be7 6. e3 O-O 7. Bd3 h6 8. Bh4
Be6 9. Nf3 Nbd7 10. Qc2 b6 11. O-O c5 12. h3 c4 13. Be2 a6 14. a3 b5 15. b3 a5
16. Nxb5 Rb8 17. bxc4 Qc8 18. c5 Nb6 19. Bg3 Rb7 20. Nd6 Bxd6 21. Bxd6 Rd8 22.
Ba6 Ra7 23. Bxc8 Rxc8 24. Qb3 Nc4 25. Bg3 Ne4 26. Qd3 Bf5 27. Qe2 Rb7 28. Ne5
Nxg3 29. fxg3 Be4 30. Nxc4 dxc4 31. Qxc4 Rb2 32. Qxf7+ Kh8 33. Rf2 Rcb8 34.
Rxb2 Rxb2 35. Qf8+ Kh7 36. Qf1 Bc6 37. Rb1 Rxg2+ 38. Qxg2 Bxg2 39. Kxg2 Kg6 40.
c6 Kf5 41. c7 Ke4 42. c8=Q a4 43. Qe8+ Kd3 44. Qxa4 Kxe3 45. d5 g5 46. d6 g4
47. d7 h5 48. d8=Q gxh3+ 49. Kxh3 Ke2 50. Qe4+ Kf2 51. Qd2# 1-0

[Event "DEM U10w 2017"]
[Site "Willingen GER"]
[Date "2017.06.05"]
[Round "4"]
[White "Winkler, Sarah"]
[Black "Bräutigam, Katerina"]
[Result "1-0"]
[Termination "normal"]
[Board "5"]
[WhiteElo "1251"]
[BlackElo "1064"]
[WhiteClock "00:16:28"]
[BlackClock "00:15:47"]
[PlyCount "85"]
[WhiteFideId "16274431"]
[BlackFideId "16242980"]
[EventCountry "GER"]
[EventRounds "11"]
[EventType "swiss"]
[EventDate "2017.06.03"]

1. e4 c5 2. Nf3 Nc6 3. Bc4 d6 4. c3 Nf6 5. d3 g6 6. O-O Bg7 7. Be3 O-O 8. Nbd2
a6 9. a4 Rb8 10. Re1 b5 11. axb5 axb5 12. Ba2 Nd7 13. Nf1 Nf6 14. Ng3 Ng4 15.
Bd2 Nce5 16. Nxe5 Nxe5 17. Bf4 Ng4 18. h3 Nf6 19. e5 dxe5 20. Bxe5 Rb7 21. Qf3
Rd7 22. Rad1 Bb7 23. Qe2 e6 24. d4 cxd4 25. Rxd4 Rxd4 26. Bxd4 Qd7 27. Rd1 Qc6
28. f3 Rd8 29. Rd2 Ba6 30. Qe3 Qd6 31. Nf1 Qb8 32. Bxe6 Re8 33. Be5 Qa8 34. Bb3
Nh5 35. f4 Qc6 36. Rd6 Qc8 37. Qb6 Bf8 38. Rc6 Qd8 39. Qxa6 Qd3 40. Rc7 Re7 41.
Qc8 Rxc7 42. Qxc7 Ng3 43. Qxf7# 1-0

[Event "DEM U10w 2017"]
[Site "Willingen GER"]
[Date "2017.06.05"]
[Round "4"]
[White "Schupfer, Victoria"]
[Black "Sohr, Luna"]
[Result "0-1"]
[Termination "normal"]
[Board "6"]
[WhiteElo "830"]
[BlackElo "1199"]
[WhiteClock "00:47:47"]
[BlackClock "00:43:16"]
[PlyCount "64"]
[BlackFideId "16251261"]
[EventCountry "GER"]
[EventRounds "11"]
[EventType "swiss"]
[EventDate "2017.06.03"]

1. e4 e5 2. Nf3 Nc6 3. Bc4 h6 4. Nc3 Nf6 5. d3 Bb4 6. Bd2 O-O 7. a3 Ba5 8. b4
Bb6 9. O-O d6 10. h3 Qe7 11. Nd5 Nxd5 12. Bxd5 Qf6 13. Bb3 Qg6 14. Nh4 Qf6 15.
Nf3 Be6 16. c4 Bd4 17. Rb1 Rad8 18. Be3 Rfe8 19. Qe2 Ne7 20. Qc2 Bxh3 21. Nxd4
exd4 22. Bd2 Qg6 23. g3 Bxf1 24. Kxf1 Qg4 25. Ke1 d5 26. cxd5 Nxd5 27. b5 Qh5
28. Bc1 Nc3 29. Ra1 Qh1+ 30. Kd2 Qf1 31. Qd1 Qxf2+ 32. Qe2 Qxe2# 0-1

[Event "DEM U10w 2017"]
[Site "Willingen GER"]
[Date "2017.06.05"]
[Round "4"]
[White "Trunz, Michelle"]
[Black "Hubert, Charlotte"]
[Result "1-0"]
[Termination "normal"]
[Board "7"]
[WhiteElo "1340"]
[BlackElo "1028"]
[PlyCount "61"]
[WhiteFideId "16227980"]
[BlackFideId "16265920"]
[EventCountry "GER"]
[EventRounds "11"]
[EventType "swiss"]
[EventDate "2017.06.03"]

1. e4 e5 2. Nf3 Nf6 3. d4 Nxe4 4. Bd3 d5 5. Nxe5 Nd7 6. Nxd7 Bxd7 7. c3 Be7 8.
Qh5 Nf6 9. Qf3 O-O 10. O-O Re8 11. Qg3 Bd6 12. Qh4 h6 13. Nd2 c6 14. Nf3 Qc7
15. Bxh6 gxh6 16. Qxf6 Re6 17. Qh4 Be7 18. Qg3+ Qxg3 19. fxg3 Re8 20. Ne5 Bc8
21. Nxf7 Rf6 22. Rxf6 Bxf6 23. Nd6 Rf8 24. Re1 b6 25. Nxc8 Rxc8 26. Re6 Bg5 27.
h4 Bc1 28. Re2 Kg7 29. Kf1 Kf7 30. Ke1 Re8 31. Bg6+ 1-0

[Event "DEM U10w 2017"]
[Site "Willingen GER"]
[Date "2017.06.05"]
[Round "4"]
[White "Labuda, Annika"]
[Black "Prinzen, Siri Marleen"]
[Result "1-0"]
[Termination "normal"]
[Board "8"]
[WhiteElo "1144"]
[BlackElo "951"]
[PlyCount "129"]
[WhiteFideId "16261453"]
[BlackFideId "16265912"]
[EventCountry "GER"]
[EventRounds "11"]
[EventType "swiss"]
[EventDate "2017.06.03"]

1. e4 e5 2. Nf3 Nc6 3. Nc3 Nf6 4. Bb5 Bc5 5. d3 d6 6. O-O Bg4 7. h3 Bh5 8. Bg5
h6 9. Bh4 g5 10. Bg3 Qd7 11. Nd5 Qd8 12. a3 a6 13. Ba4 b5 14. Bb3 Nd4 15. Kh1
Nxd5 16. Bxd5 Rb8 17. b4 Ba7 18. c3 Nxf3 19. gxf3 Qf6 20. Bc6+ Kd8 21. Kg1 Bxf3
22. Qd2 Qe6 23. Kh2 g4 24. Bh4+ Kc8 25. Bd5 Qd7 26. Bf6 Rg8 27. Qxh6 Bxf2 28.
hxg4 Qxg4 29. Qh3 Qxh3+ 30. Kxh3 Bg2+ 31. Kh2 Bxf1 32. Rxf1 Bg3+ 33. Kh1 Rf8
34. Bg7 Rg8 35. Rxf7 Kd8 36. Bf6+ Kc8 37. Be7 Kd7 38. Bh4+ Ke8 39. Re7+ Kd8 40.
Rg7+ Bxh4 41. Rxg8+ Kd7 42. Rxb8 c6 43. Bf7 Kc7 44. Rh8 Bf6 45. Rh2 c5 46. bxc5
dxc5 47. Rh6 Be7 48. Rxa6 b4 49. cxb4 cxb4 50. axb4 Bxb4 51. Ra4 Bd6 52. Kg2
Kb6 53. Be8 Kc7 54. Kf3 Kd8 55. Bb5 Kc7 56. Kg4 Kb6 57. Be8 Kc7 58. d4 Kd8 59.
dxe5 Bxe5 60. Kf5 Bc7 61. Ra8+ Ke7 62. e5 Bxe5 63. Kxe5 Kf8 64. Kf6 Kg8 65.
Bg6# 1-0

[Event "DEM U10w 2017"]
[Site "Willingen GER"]
[Date "2017.06.05"]
[Round "4"]
[White "Englert, Lin"]
[Black "Stepanjan, Marianne"]
[Result "1-0"]
[Termination "normal"]
[Board "9"]
[WhiteElo "1165"]
[BlackElo "880"]
[PlyCount "127"]
[WhiteFideId "16226410"]
[BlackFideId "16246110"]
[EventCountry "GER"]
[EventRounds "11"]
[EventType "swiss"]
[EventDate "2017.06.03"]

1. e4 e5 2. Nf3 Nc6 3. Bb5 d6 4. O-O Nf6 5. d3 a6 6. Ba4 g6 7. h3 Bg7 8. Bg5 h6
9. Be3 O-O 10. Nc3 b5 11. Bb3 Bb7 12. Qd2 g5 13. Nd5 Ne7 14. Nxf6+ Bxf6 15. h4
Ng6 16. hxg5 hxg5 17. Bxg5 Kg7 18. Bxf6+ Qxf6 19. Qg5 Qxg5 20. Nxg5 Rh8 21. Nh3
Rh6 22. f3 Rah8 23. Rad1 Nf4 24. Nxf4 exf4 25. Kf2 Rg8 26. Rh1 Rgh8 27. Rxh6
Kxh6 28. Rh1+ Kg7 29. Rxh8 Kxh8 30. Bxf7 Kg7 31. Bd5 c6 32. Be6 Kf6 33. Bf5 d5
34. g3 Ke5 35. c3 c5 36. g4 Kf6 37. d4 cxd4 38. cxd4 Bc6 39. e5+ Ke7 40. g5 Kf8
41. g6 Kg7 42. Kg2 a5 43. Kh3 a4 44. a3 Be8 45. Kg4 Bxg6 46. Bxg6 Kxg6 47. Kxf4
Kh7 48. Kg5 Kg7 49. e6 Kf8 50. Kf6 Ke8 51. e7 b4 52. axb4 a3 53. bxa3 Kd7 54.
Kf7 Kc7 55. e8=Q Kb6 56. a4 Kc7 57. Qe6 Kb7 58. Qd6 Ka7 59. Ke6 Kb7 60. Kxd5
Ka7 61. Kc6 Ka6 62. Kc7+ Ka7 63. Qb6+ Ka8 64. Qb7# 1-0

[Event "DEM U10w 2017"]
[Site "Willingen GER"]
[Date "2017.06.05"]
[Round "4"]
[White "Voigt, Anastasia"]
[Black "Ottlik, Marie"]
[Result "1/2-1/2"]
[Termination "normal"]
[Board "10"]
[WhiteElo "1181"]
[BlackElo "1013"]
[PlyCount "154"]
[WhiteFideId "16235223"]
[BlackFideId "16281730"]
[EventCountry "GER"]
[EventRounds "11"]
[EventType "swiss"]
[EventDate "2017.06.03"]

1. e4 e5 2. Nf3 Nc6 3. Bc4 Bc5 4. c3 Nf6 5. d4 exd4 6. e5 d5 7. Bb5 Ne4 8. cxd4
Bb6 9. Be3 a6 10. Bxc6+ bxc6 11. O-O Bg4 12. h3 Be6 13. Nc3 Nxc3 14. bxc3 O-O
15. Qd3 Qd7 16. Ng5 Bf5 17. Qd2 h6 18. Nf3 Qe6 19. Bf4 c5 20. a4 a5 21. Bg3 c4
22. Nh2 c5 23. f4 cxd4 24. cxd4 Qg6 25. Ra3 Bd3 26. Rf3 Bxd4+ 27. Bf2 Bxf2+ 28.
Kxf2 Qb6+ 29. Kg3 Qb4 30. Ra2 Qxd2 31. Rxd2 f6 32. Re3 d4 33. Re1 Rab8 34. Nf3
Rb1 35. Rxb1 Bxb1 36. Rxd4 c3 37. Rc4 c2 38. Ne1 fxe5 39. fxe5 Re8 40. Nxc2
Bxc2 41. Rxc2 Rxe5 42. Rc4 Re3+ 43. Kf4 Rb3 44. Rc5 g5+ 45. Kf5 Rb2 46. Kg6
Rb6+ 47. Kf5 Ra6 48. g3 Kf7 49. Rc7+ Ke8 50. Rc5 Kd7 51. Ke5 Re6+ 52. Kd4 Rd6+
53. Kc4 Rc6 54. Kb5 Rxc5+ 55. Kxc5 Kc7 56. Kb5 Kb7 57. Kxa5 Ka7 58. Kb5 Kb7 59.
a5 Ka7 60. Kc5 Ka6 61. Kd6 Kxa5 62. Ke5 Kb5 63. Kf5 Kc5 64. Kg6 Kd5 65. Kxh6 g4
66. h4 Ke4 67. Kg5 Kf3 68. h5 Kxg3 69. h6 Kf3 70. h7 g3 71. h8=Q g2 72. Qh3+
Kf2 73. Qh4+ Kf3 74. Qh3+ Kf2 75. Kf4 g1=Q 76. Qe3+ Kf1 77. Qxg1+ Kxg1 1/2-1/2

[Event "DEM U10w 2017"]
[Site "Willingen GER"]
[Date "2017.06.05"]
[Round "4"]
[White "Ramien, Hannah"]
[Black "Peglau, Charis"]
[Result "1-0"]
[Termination "normal"]
[Board "11"]
[WhiteElo "1243"]
[BlackElo "1193"]
[PlyCount "145"]
[WhiteFideId "16209982"]
[BlackFideId "16219996"]
[EventCountry "GER"]
[EventRounds "11"]
[EventType "swiss"]
[EventDate "2017.06.03"]

1. e4 c5 2. Nc3 d6 3. f4 Nc6 4. Nf3 g6 5. d3 Bg7 6. Be2 e6 7. O-O Nge7 8. Qe1
Nd4 9. Bd1 Nec6 10. Qg3 Rb8 11. a4 a6 12. Ne2 b5 13. Nexd4 Nxd4 14. Nxd4 Bxd4+
15. Kh1 b4 16. f5 Bg7 17. Rb1 O-O 18. fxg6 hxg6 19. Bh5 Be5 20. Qg4 d5 21. Bh6
Bg7 22. Bxg7 Kxg7 23. Qg3 Qb6 24. Qf4 Bd7 25. Qf6+ Kh7 26. Qh4 Kg8 27. Qg5 Be8
28. Qh6 f5 29. Bxg6 Rb7 30. Rf3 Bxg6 31. Qxg6+ Rg7 32. Qh5 dxe4 33. dxe4 fxe4
34. Rxf8+ Kxf8 35. Qh8+ Kf7 36. Rf1+ Kg6 37. Qe8+ Kh6 38. Rf6+ Kg5 39. Qxe6
Qxe6 40. Rxe6 Kf4 41. g3+ Kf3 42. Rf6+ Ke2 43. Kg2 e3 44. Re6 Kd2 45. Rf6 e2
46. Rd6+ Ke1 47. h4 Rh7 48. Rd5 Rh6 49. h5 c4 50. g4 b3 51. cxb3 cxb3 52. a5
Rc6 53. g5 Rc4 54. g6 Rg4+ 55. Kh3 Rc4 56. g7 Rc8 57. h6 Kf2 58. Rf5+ Ke3 59.
h7 Ke4 60. g8=Q Kxf5 61. Qxc8+ Ke4 62. Qc1 Kf3 63. Qe1 Ke3 64. h8=R Kd3 65.
Rd8+ Ke3 66. Re8+ Kd4 67. Rxe2 Kd5 68. Qh4 Kc5 69. Re5+ Kd6 70. Qe7+ Kc6 71.
Qf6+ Kd7 72. Re7+ Kd8 73. Qf8# 1-0

[Event "DEM U10w 2017"]
[Site "Willingen GER"]
[Date "2017.06.05"]
[Round "4"]
[White "Alhassan, Jodi"]
[Black "Adelmeyer, Nelly"]
[Result "1-0"]
[Termination "normal"]
[Board "12"]
[WhiteElo "953"]
[BlackElo "1187"]
[PlyCount "111"]
[WhiteFideId "16250460"]
[BlackFideId "16203577"]
[EventCountry "GER"]
[EventRounds "11"]
[EventType "swiss"]
[EventDate "2017.06.03"]

1. e4 e5 2. Nf3 Nc6 3. Bc4 Bc5 4. O-O Nf6 5. d3 d5 6. exd5 Nxd5 7. Bxd5 Qxd5 8.
Nc3 Qd8 9. Be3 Bxe3 10. fxe3 O-O 11. Qe1 Bg4 12. Qg3 Bxf3 13. Qxf3 Qg5 14. Ne4
Qh6 15. c3 Rad8 16. d4 f6 17. Nc5 f5 18. Nxb7 e4 19. Qg3 Rd7 20. Nc5 Re7 21.
Rf2 Rf6 22. Raf1 Ref7 23. Qf4 Qxf4 24. Rxf4 Ne7 25. Nd7 Ra6 26. Ne5 Rff6 27. a3
g5 28. R4f2 Rad6 29. Nc4 Rd5 30. b4 Ng6 31. Nd2 Nh4 32. Nxe4 Re6 33. Nxg5 Rxe3
34. g3 Ng6 35. Rxf5 Rxf5 36. Rxf5 Rxc3 37. Ra5 Rc4 38. Rxa7 Rxd4 39. Rxc7 Rg4
40. Ne6 h5 41. b5 Re4 42. Nc5 Re8 43. b6 Nf8 44. b7 Rb8 45. Na6 Rxb7 46. Rxb7
Ne6 47. Kf2 Nd4 48. Ke3 Nc2+ 49. Kf4 Nxa3 50. Kg5 Nc4 51. Kxh5 Ne5 52. Re7 Nf3
53. Kg6 Kf8 54. Rf7+ Kg8 55. Rxf3 Kh8 56. Rf8# 1-0

[Event "DEM U10w 2017"]
[Site "Willingen GER"]
[Date "2017.06.05"]
[Round "4"]
[White "Nguyen, Jenny Ha Linh"]
[Black "Vianden, Ella"]
[Result "0-1"]
[Termination "normal"]
[Board "13"]
[WhiteElo "1102"]
[BlackElo "1050"]
[PlyCount "66"]
[WhiteFideId "16209729"]
[BlackFideId "16235592"]
[EventCountry "GER"]
[EventRounds "11"]
[EventType "swiss"]
[EventDate "2017.06.03"]

1. e4 e5 2. Nf3 Nc6 3. Bc4 Nf6 4. d3 Be7 5. c3 d5 6. exd5 Nxd5 7. Bb3 O-O 8. c4
Nf4 9. Bxf4 exf4 10. h3 Re8 11. O-O Bf6 12. Nc3 Bf5 13. Bc2 Bh4 14. Qd2 Bg5 15.
Rfe1 Rxe1+ 16. Rxe1 Nd4 17. Nxd4 Qxd4 18. Qe2 h6 19. Qf3 Rb8 20. Qd5 Qf6 21.
Re5 Be6 22. Ne4 Bxd5 23. Nxf6+ Bxf6 24. Rxd5 Bxb2 25. Rb5 Bd4 26. Bd1 b6 27. a4
Re8 28. Bf3 Re1+ 29. Kh2 Bxf2 30. h4 Bg3+ 31. Kh3 g6 32. Kg4 f5+ 33. Kh3 Rh1#
0-1